Február, esti hat óra

Bibliographic Details
Main Author: Dsida, Jenő, 1907-1938 (Author)
Format: Article
Language:Hungarian
Slovak
PhysicalDescription:Obr.
Subjects:

MARC

LEADER 00000nab a2200000 a 4500
001 vtls000654151
003 SK-MaSNL
005 20260302182559.0
008 160314c1998 xo 0 hun
015 |a SNBRA1998/02-03799 
035 |a CLN000006344 
040 |a SNKBUCL  |b slo  |c SNKBUCL  |e AACR2 
041 0 |a slo 
044 |a xo  |c SK 
080 |a 894.511-1=945.11  |2 UDC-MRF-SK2 
100 1 |a Dsida, Jenő,  |d 1907-1938  |4 aut  |9 103326 
245 1 0 |a Február, esti hat óra  |c Dsida Jenő 
300 |b Obr. 
650 0 7 |a lyrické básne, maďarské  |2 snkbucl  |9 71024 
773 0 |t Tábortűz  |g Roč. 47, č. 6 (1998), s. 25 
850 |a Slovenská národná knižnica v Martine 
852 |a SNK  |b KIS3GCP 
958 |a HU 
958 |a LX 
958 |a RBX 
999 |c 1418694  |d 1420624